| 000 | 01223cam a2200337 a 4500 | ||
|---|---|---|---|
| 999 |
_c21511 _d21511 |
||
| 001 | 15989223 | ||
| 003 | OSt | ||
| 005 | 20200612102151.0 | ||
| 008 | 091119s2009 ii a b 001 0 eng | ||
| 010 | _a 2009305113 | ||
| 020 | _a9780195692570 | ||
| 020 | _a0195692578 | ||
| 025 | _aI-E-2009-305113; 18-92; 60-92 | ||
| 037 |
_bLibrary of Congress -- New Delhi Overseas Office _cRs595.00 |
||
| 040 |
_aDLC _coclc _dDLC |
||
| 042 |
_alcode _apcc |
||
| 043 | _aa-ii--- | ||
| 050 | 0 | 0 |
_aND1002 _b.V43 2009 |
| 082 |
_a759.54 _bVER/I |
||
| 100 |
_aVerma, Som Prakash _d1942- _92814 |
||
| 245 | 1 | 0 |
_aInterpreting Mughal painting : _bessays on art, society, and culture / _cSom Prakash Verma. |
| 246 | 3 | 0 | _aMughal painting |
| 260 |
_aNew Delhi : _bOxford University Press, _c2009. |
||
| 300 |
_a201 p. : _c23 cm. |
||
| 490 | 0 | _aOxford collected essays | |
| 504 | _aIncludes bibliographical references (p. [177]-193) and index. | ||
| 856 | 4 | 2 |
_3Publisher description _uhttp://www.loc.gov/catdir/enhancements/fy1003/2009305113-d.html |
| 906 |
_a7 _bcbc _corigode _d3 _encip _f20 _gy-gencatlg |
||
| 942 |
_2ddc _cBK _h759.54 _iVER/I _k759.54 _mVER/I |
||